zpět

Detail výsledku týmu

Bristol, Olomouc

Datum a čas kvízu

30 Celkem bodů Celkový počet nahraných bodů na tomto kvízu bez doplňovacích otázek.
5. Pořadí na kvízu Konečné umístění týmu na tomto kvízu.

Zaznamenané odpovědi

# Otázka Odpověď Body Výsledky
1. Jak se jmenuje stránka na česk... Wikipedia 1
2. Máte doma v lednici Power Natu... viagru, erekci 1
3. Osmaosmdesátiletý hollywoodský... Pašerák (The Mule) 1
4. Novou odrůdu meruněk jménem So... šarka 1
5. Jak se jmenuje muž, který byl... Tomáš Vaclík 1
6. Dnešní cestovatelské téma se b... Córdoba 0
7. Terminál letiště a mnoho další... Pablo Picasso 1
8. Když si vzpomenete na jednu zn... Malagelo 1
9. Jak se jmenuje antický hrdina,... Héraklés (též Herkules) 0
10. Na obrázku vidíte radnici v př... Juan Carlos I. 1